Top 10 países con la mayor densidad poblacional en Europa - Estadísticas

Estadísticas generales
  • Esta prueba ha sido intentada 7.286 veces
  • La puntuación promedio es 8 de 10
Estadísticas de respuestas
Densidad País % Correcto
18 001 Mónaco
88%
2 041 Ciudad del Vaticano
86%
255 Luxemburgo
85%
557 San Marino
83%
233 Alemania
81%
250 Liechtenstein
79%
429 Países Bajos
76%
384 Bélgica
75%
280 Reino Unido
75%
1 703 Malta
74%
No se encontraron pruebas coincidentes
Distribución de puntuación
Porcentaje de gente con cada puntuación
Porcentaje por número respondido
Historial de tus puntuaciones
No has intentado esta prueba.